000 00270nam a2200109Ia 4500
008 220216s9999 xx 000 0 und d
100 _aJoseph J
245 0 _aRubber import and ASEAN agreement
260 _bDeepika Daily
_c2015
650 _aASEAN agreement
942 _cBS
999 _c49652
_d49652